[Event "Titled Tuesday intern op 02nd Mar"]
[Site "Chess.com INT"]
[Date "2021.03.02"]
[Round "1"]
[White "Mazanchenko, Dmitry"]
[Black "Erden, Kadir"]
[Result "0-1"]
[WhiteElo "2161"]
[BlackElo "2271"]
[PlyCount "62"]
[EventDate "2021.03.02"]
[EventType "swiss (blitz)"]
[EventRounds "11"]
[EventCountry "USA"]
[SourceTitle "CBM 201 Extra"]
[Source "ChessBase"]
[SourceDate "2021.05.31"]
[SourceVersion "1"]
[SourceVersionDate "2021.05.31"]
[SourceQuality "1"]

1. e4 c6 2. Nc3 d5 3. Nf3 Nf6 4. e5 Ne4 5. d3 Nxc3 6. bxc3 Bg4 7. d4 e6 8. h3 Bh5 9. Bd3 Nd7 10. c4 Bb4+ 11. Kf1 dxc4 12. Bxc4 Nb6 13. Bb3 Bc3 14. Rb1 Bxf3 15. Qxf3 Qxd4 16. Ba3 Qxe5 17. g3 Qf6 18. Qe2 Qe5 19. Qf3 c5 20. Qxb7 0-0 21. Kg2 Rfb8 22. Qa6 c4 23. Ba4 Qe4+ 24. Kh2 Bd4 25. Rhf1 h5 26. h4 Qf3 27. Bd6 Rd8 28. Bf4 e5 29. Be3 Bxe3 30. fxe3 Rd2+ 31. Kh3 Qg2# 0-1

[Event "Titled Tuesday intern op 02nd Mar"]
[Site "Chess.com INT"]
[Date "2021.03.02"]
[Round "8"]
[White "Mazanchenko, Dmitry"]
[Black "Vivas Zamora, Fabian Ernesto"]
[Result "0-1"]
[WhiteElo "2161"]
[BlackElo "2344"]
[PlyCount "38"]
[EventDate "2021.03.02"]
[EventType "swiss (blitz)"]
[EventRounds "11"]
[EventCountry "USA"]
[SourceTitle "CBM 201 Extra"]
[Source "ChessBase"]
[SourceDate "2021.05.31"]
[SourceVersion "1"]
[SourceVersionDate "2021.05.31"]
[SourceQuality "1"]

1. e4 e5 2. Nf3 Nc6 3. d4 exd4 4. Bc4 Nf6 5. e5 d5 6. Bb5 Ne4 7. Nxd4 Bc5 8. Nxc6 Bxf2+ 9. Kf1 bxc6 10. Bxc6+ Bd7 11. Qxd5 0-0 12. Bxd7 Qh4 13. g3 Bxg3 14. Bc6 Qh3+ 15. Ke2 Qg2+ 16. Ke3 Bf2+ 17. Kf4 g5+ 18. Kf5 Qf3+ 19. Bf4 Qxf4# 0-1

[Event "Titled Tuesday intern op 16th Feb"]
[Site "Chess.com INT"]
[Date "2021.02.16"]
[Round "2"]
[White "Mazanchenko, Dmitry"]
[Black "Hasman, Cengiz"]
[Result "0-1"]
[WhiteElo "2161"]
[BlackElo "2101"]
[PlyCount "32"]
[EventDate "2021.02.16"]
[EventType "swiss (blitz)"]
[EventRounds "11"]
[EventCountry "USA"]
[SourceTitle "EXT 2022"]
[Source "ChessBase"]
[SourceDate "2021.10.06"]
[SourceVersion "1"]
[SourceVersionDate "2021.10.06"]
[SourceQuality "1"]

1. e4 d6 2. d4 Nf6 3. Nc3 Nbd7 4. Be3 e5 5. Nf3 Be7 6. Bc4 c6 7. h3 b5 8. Bd3 Bb7 9. 0-0 0-0 10. a3 a5 11. d5 cxd5 12. exd5 b4 13. axb4 axb4 14. Rxa8 Qxa8 15. Ne4 Nxd5 16. Bd2 h6 0-1

[Event "Titled Tuesday intern op 02nd Feb"]
[Site "Chess.com INT"]
[Date "2021.02.02"]
[Round "4"]
[White "Mazanchenko, Dmitry"]
[Black "Andreev, Eduard"]
[Result "0-1"]
[WhiteElo "2161"]
[BlackElo "2422"]
[PlyCount "102"]
[EventDate "2021.02.02"]
[EventType "swiss (blitz)"]
[EventRounds "11"]
[EventCountry "USA"]
[SourceTitle "CBM 200 Extra"]
[Source "ChessBase"]
[SourceDate "2021.03.31"]
[SourceVersion "1"]
[SourceVersionDate "2021.03.31"]
[SourceQuality "1"]

1. e4 c5 2. Ne2 Nc6 3. Nbc3 Nf6 4. d4 cxd4 5. Nxd4 d6 6. Bg5 e6 7. Qd2 a6 8. 0-0-0 Bd7 9. Kb1 b5 10. a3 Be7 11. Bxf6 Bxf6 12. Nxc6 Bxc6 13. Qxd6 Qxd6 14. Rxd6 Rc8 15. f3 Ke7 16. Rd3 a5 17. f4 Bxc3 18. Rxc3 Bxe4 19. Bxb5 Rxc3 20. bxc3 Bxg2 21. Rg1 Be4 22. Rg5 Bf5 23. Bd3 Kf6 24. Bxf5 exf5 25. Rg3 Re8 26. Rd3 Re4 27. Rd4 h6 28. h4 Ke6 29. Kc1 Re1+ 30. Kd2 Rh1 31. Ra4 Rxh4 32. Rxa5 Rxf4 33. Ra6+ Ke5 34. Ke3 Re4+ 35. Kf3 Rc4 36. Ra5+ Kf6 37. Ra6+ Kg5 38. Ra7 Rxc3+ 39. Ke2 Kg6 40. Kd2 Rc6 41. a4 h5 42. a5 h4 43. Rb7 Rc5 44. a6 Ra5 45. a7 h3 46. Rb6+ Kg5 47. Rb1 Rxa7 48. Rg1+ Kh4 49. Rxg7 Ra4 50. Rxf7 h2 51. Rh7+ Kg3 0-1

[Event "Titled Tuesday intern op 02nd Feb"]
[Site "Chess.com INT"]
[Date "2021.02.02"]
[Round "1"]
[White "Robledo, Cristian"]
[Black "Mazanchenko, Dmitry"]
[Result "1-0"]
[WhiteElo "2274"]
[BlackElo "2161"]
[PlyCount "129"]
[EventDate "2021.02.02"]
[EventType "swiss (blitz)"]
[EventRounds "11"]
[EventCountry "USA"]
[SourceTitle "CBM 200 Extra"]
[Source "ChessBase"]
[SourceDate "2021.03.31"]
[SourceVersion "1"]
[SourceVersionDate "2021.03.31"]
[SourceQuality "1"]

1. d4 g6 2. h4 Bg7 3. h5 d5 4. Nc3 Bg4 5. h6 Bf6 6. Bf4 Nc6 7. Nb5 e5 8. dxe5 Nxe5 9. c3 c6 10. Nd4 Qb6 11. Qc1 Ne7 12. e3 0-0 13. Ngf3 Bxf3 14. Nxf3 Nxf3+ 15. gxf3 c5 16. Qc2 Rfe8 17. 0-0-0 d4 18. Kb1 Nd5 19. Qb3 Qxb3 20. axb3 Nxf4 21. exf4 dxc3 22. bxc3 Bxc3 23. Bc4 Bd4 24. f5 Kf8 25. fxg6 fxg6 26. Rh4 Re5 27. f4 Rf5 28. Bd3 Rf6 29. f5 gxf5 30. Rg1 Rf7 31. Rg5 Re8 32. Rxf5 Rxf5 33. Bxf5 Re1+ 34. Kc2 Re2+ 35. Kd3 Rxf2 36. Bxh7 Rf3+ 37. Ke4 Re3+ 38. Kf5 Rxb3 39. Bg6 Ke7 40. Re4+ Kd6 41. h7 Bg7 42. Re6+ Kd7 43. Be8+ Kd8 44. Kg6 Rg3+ 45. Kf7 Bh8 46. Rd6+ Kc8 47. Kf8 Rg7 48. Bg6 Rxg6 49. Rxg6 c4 50. Kf7 Kc7 51. Rg8 Bd4 52. Rg7 Bxg7 53. Kxg7 b5 54. h8Q Kc6 55. Qh5 a5 56. Qe5 a4 57. Qd4 a3 58. Qc3 Kc5 59. Qxa3+ b4 60. Qa5+ Kd4 61. Qxb4 Kd3 62. Qd6+ Kc2 63. Kf6 c3 64. Ke5 Kb1 65. Qb4+ 1-0

[Event "Titled Tuesday intern op 4th Aug 2pm"]
[Site "Chess.com INT"]
[Date "2020.08.04"]
[Round "2"]
[White "Eswaran, Ashritha"]
[Black "Mazanchenko, Dmitry"]
[Result "1-0"]
[WhiteElo "2244"]
[BlackElo "2161"]
[PlyCount "87"]
[EventDate "2020.08.04"]
[EventType "swiss (blitz)"]
[EventRounds "10"]
[EventCountry "USA"]
[SourceTitle "CBM 197 Extra"]
[Source "ChessBase"]
[SourceDate "2020.09.30"]
[SourceVersion "1"]
[SourceVersionDate "2020.09.30"]
[SourceQuality "1"]

1. e4 c5 2. Nf3 d6 3. d4 Nf6 4. Nc3 cxd4 5. Nxd4 Nc6 6. Bg5 Qb6 7. Nb3 h6 8. Be3 Qc7 9. Be2 a6 10. 0-0 e6 11. f4 Be7 12. Bf3 0-0 13. g4 Rd8 14. g5 hxg5 15. fxg5 Nd7 16. g6 fxg6 17. Bg2 Nf6 18. Qf3 Ne5 19. Qg3 b5 20. Bd4 Bb7 21. Bxe5 dxe5 22. Qxg6 b4 23. Ne2 Qxc2 24. Ng3 Rac8 25. Nh5 Nxh5 26. Qf7+ Kh8 27. Qxh5+ Kg8 28. Qf7+ Kh8 29. Qxe7 Qc7 30. Qg5 a5 31. Nxa5 Ba6 32. Rf3 Kg8 33. Nb3 Qb6+ 34. Kh1 Rc2 35. Rg3 Rd7 36. Qxe5 Qf2 37. Qb8+ Rc8 38. Qe5 Rc2 39. Qxe6+ Rf7 40. Qxa6 Rxb2 41. Qc8+ Rf8 42. Qe6+ Rf7 43. Rf1 Qxf1+ 44. Bxf1 1-0

[Event "Titled Tuesday intern op 4th Aug 2pm"]
[Site "Chess.com INT"]
[Date "2020.08.04"]
[Round "4"]
[White "Vazquez Espino, Uriel"]
[Black "Mazanchenko, Dmitry"]
[Result "1-0"]
[WhiteElo "1983"]
[BlackElo "2161"]
[PlyCount "105"]
[EventDate "2020.08.04"]
[EventType "swiss (blitz)"]
[EventRounds "10"]
[EventCountry "USA"]
[SourceTitle "CBM 197 Extra"]
[Source "ChessBase"]
[SourceDate "2020.09.30"]
[SourceVersion "1"]
[SourceVersionDate "2020.09.30"]
[SourceQuality "1"]

1. e4 c5 2. Nf3 d6 3. d4 Nf6 4. Nc3 cxd4 5. Nxd4 Nc6 6. Bc4 e6 7. Be3 a6 8. Qe2 Qc7 9. Bb3 Bd7 10. 0-0-0 0-0-0 11. f3 Kb8 12. Qf2 Nxd4 13. Bxd4 Rc8 14. g4 b5 15. g5 Ne8 16. Bb6 Qb7 17. a3 d5 18. exd5 Bxa3 19. dxe6 Bxe6 20. Nd5 Bd6 21. f4 g6 22. Rhe1 Nc7 23. Nxc7 Bxc7 24. Bxc7+ Qxc7 25. Bxe6 fxe6 26. Rxe6 Rhf8 27. Rb6+ Ka8 28. Rxa6+ Kb8 29. Rb6+ Ka8 30. Rdd6 Rf7 31. Ra6+ Kb8 32. Rdb6+ Qb7 33. Rxb7+ Rxb7 34. Rb6 Rcc7 35. Rxb7+ Kxb7 36. Qf3+ Kb6 37. Qd5 Rc5 38. Qd4 Kc6 39. h4 Rc4 40. Qf6+ Kd5 41. Qe5+ Kc6 42. h5 gxh5 43. f5 h4 44. g6 hxg6 45. fxg6 h3 46. g7 Rg4 47. Qe6+ Kc5 48. Qxg4 h2 49. Qg2 Kb4 50. Qxh2 Ka4 51. g8Q b4 52. Qc4 Ka5 53. Qe5+ 1-0